Final four de la ligue des champions depuis 1994 - Statistiques

Statistiques générales
  • Ce quiz a été pris 293 fois
  • Le résultat moyen est 108 sur 120
Statistiques - réponses
Année Demi-finalistes Équipes % Correct
2023 1 Manchester city
100%
3 Manchester city
100%
2 Manchester city
100%
3 Manchester city
100%
3 Olympique Lyonnais
100%
4 Olympique Lyonnais
100%
3 FC Barcelone
99%
2015 1 FC Barcelone
99%
3 FC Barcelone
99%
3 FC Barcelone
99%
2011 1 FC Barcelone
99%
3 FC Barcelone
99%
2009 1 FC Barcelone
99%
3 FC Barcelone
99%
2006 1 FC Barcelone
99%
3 FC Barcelone
99%
4 FC Barcelone
99%
2 FC Barcelone
99%
4 Paris SG
99%
2 Paris SG
99%
4 Paris SG
99%
3 Real Madrid
99%
2022 1 Real Madrid
99%
3 Real Madrid
99%
2018 1 Real Madrid
99%
2017 1 Real Madrid
99%
2016 1 Real Madrid
99%
4 Real Madrid
99%
2014 1 Real Madrid
99%
4 Real Madrid
99%
4 Real Madrid
99%
3 Real Madrid
99%
4 Real Madrid
99%
2002 1 Real Madrid
99%
3 Real Madrid
99%
2000 1 Real Madrid
99%
1998 1 Real Madrid
99%
4 AC Milan
98%
2007 1 AC Milan
98%
3 AC Milan
98%
2 AC Milan
98%
2003 1 AC Milan
98%
2 AC Milan
98%
1994 1 AC Milan
98%
2 Inter Milan
98%
2010 1 Inter Milan
98%
3 Inter Milan
98%
2 Manchester United
98%
2 Manchester United
98%
2008 1 Manchester United
98%
3 Manchester United
98%
4 Manchester United
98%
1999 1 Manchester United
98%
3 Manchester United
98%
2020 1 Bayern Munich
97%
3 Bayern Munich
97%
4 Bayern Munich
97%
3 Bayern Munich
97%
3 Bayern Munich
97%
2013 1 Bayern Munich
97%
2 Bayern Munich
97%
2 Bayern Munich
97%
2001 1 Bayern Munich
97%
3 Bayern Munich
97%
2 Bayern Munich
97%
3 Bayern Munich
97%
2021 1 Chelsea FC
97%
4 Chelsea FC
97%
2012 1 Chelsea FC
97%
3 Chelsea FC
97%
2 Chelsea FC
97%
4 Chelsea FC
97%
3 Chelsea FC
97%
4 Chelsea FC
97%
2 Liverpool
97%
2019 1 Liverpool
97%
2 Liverpool
97%
4 Liverpool
97%
2 Liverpool
97%
2005 1 Liverpool
97%
2 Borussia Dortmund
95%
3 Borussia Dortmund
95%
1997 1 Borussia Dortmund
95%
2 Juventus
94%
2 Juventus
94%
2 Juventus
94%
3 Juventus
94%
2 Juventus
94%
2 Juventus
94%
1996 1 Juventus
94%
3 Atlético Madrid
92%
2 Atlético Madrid
92%
2 Atlético Madrid
92%
2 Tottenham Hotspur
91%
4 Ajax Amsterdam
90%
4 Ajax Amsterdam
90%
2 Ajax Amsterdam
90%
1995 1 Ajax Amsterdam
90%
4 Arsenal
89%
2 Arsenal
89%
2004 1 FC Porto
87%
4 FC Porto
87%
4 AS Monaco
83%
2 AS Monaco
83%
4 AS Monaco
83%
3 AS Monaco
83%
4 AS Roma
78%
4 RB Leipzig
76%
2 Bayer Leverkusen
64%
2 Valence CF
62%
2 Valence CF
62%
4 PSV Eindhoven
56%
4 Villarreal CF
36%
4 Villarreal CF
36%
4 Schalke 04
34%
3 Deportivo La Corogne
33%
3 FC Nantes
21%
4 Leeds United
18%
4 Dynamo Kiev
10%
4 Panathinaïkos
5%
Aucun quiz correspondant
Distribution des résultats
% des personnes avec chaque résultat
Percentile par nombre de réponses
Votre historique - résultats
Vous n’avez pas pris ce quiz